|
|
|
|
| LEADER |
00000nam a2200000 a 4500 |
| 001 |
UCL8349 |
| 003 |
CL-VaPUC |
| 008 |
040618e20020000MX |||||||||||||||||spa|d |
| 020 |
|
|
|a 9701507770
|
| 082 |
0 |
4 |
|a 621.3822
|b MAN
|2 21
|
| 100 |
|
|
|a Mánuel Lázaro, Antoni
|e autor
|q Mánuel Lázaro, Antonio
|9 501763
|
| 700 |
0 |
|
|a Biel, Domingo
|e author
|9 486287
|
| 700 |
0 |
|
|a Olivé, Joaquim
|e author
|9 486288
|
| 700 |
0 |
|
|a Prat, Jordi
|e author
|9 486289
|
| 700 |
0 |
|
|a Sánchez, Francesc J
|e author
|9 486290
|
| 245 |
1 |
0 |
|a Instrumentación virtual: adquisición, procesado y análisis de señales
|
| 300 |
|
|
|a 373 p
|
| 942 |
|
|
|c BK
|
| 945 |
|
|
|d 20040618 00:00:00
|a cmena
|
| 260 |
|
|
|a Ciudad de México
|b Alfaomega
|c 2002
|
| 650 |
|
0 |
|a Procesamiento de señales
|9 260702
|
| 650 |
|
0 |
|a Aplicaciones de computadores
|9 260401
|
| 650 |
|
7 |
|a SIMULADORES
|2 CL-VaPUC
|9 373789
|
| 583 |
|
|
|a last modification
|c 20040618 00:00:00
|k Rodrigo Vera
|
| 999 |
|
|
|c 309690
|d 309688
|
| 952 |
|
|
|0 0
|1 0
|4 0
|6 621_382200000000000_MAN_2002
|7 0
|8 A
|9 377343
|a BIBING
|b BIBING
|d 2019-11-21
|i 402916K
|o 621.3822 MAN 2002
|p 402916K
|r 2025-01-20
|w 2019-11-21
|y BK
|k EIE
|